Statystyki dla Przetłumacz na angielski Poziom B2

Kliknij tutaj aby rozwiązać quiz!

Ogólne statystyki

  • Ten quiz został rozwiązany 1 420 razy
  • Średni wynik to 9 z 20

Statystyki odpowiedzi

HintOdpowiedź% Poprawnych
świeczkacandle
73%
nowoczesnymodern
72%
sowaowl
72%
wodospadwaterfall
70%
dziura/otwórhole
69%
reputacjareputation
68%
wypadekaccident
65%
prostastraight
65%
ławkabench
44%
kominchimney
38%
proszekpowder
36%
ciężarówkalorry
35%
pokrowieccase
30%
łyżeczkateaspoon
30%
czajnikkettle
29%
księgowyaccountant
24%
kondolencjecondolence
23%
przynętabait
22%
wędrowiecwanderer
12%
aktówka/teczkabriefcase
6%

Rozkład punktacji

Percentyl według liczby udzielonych odpowiedzi

Procent ludzi z każdym wynikiem

Twoja historia wyników

Nie rozwiązałeś tego quizu